000 00813nam a22002657a 4500
001 BR7907693
003 BR-BrBNA
005 20230928090312.0
007 ta
008 230509b bl.||||| |||| 00| 0 por d
040 _aBR-BrBNA
_bpor
_cBiblioteca Nacional de Agricultura
041 _a(Por)
072 _aD10; E15
_b/G514
090 _ D10 BR7907693
110 1 _aSecretaria de Estado da Agricultura, Guarapuava, PR (Brasil). Nucleo Regional de Guarapuava
_98836
245 1 _aRelatorio. Nucleo Regional de Guarapuava, janeiro/fevereiro 79 [Parana, Brasil]
260 3 _aGuarapuava, PR (Brasil):
_c1979.
300 _a17 p.
650 _aADMINISTRACAO AGRICOLA
650 _aESTATISTICA AGRICOLA
650 _aGUARAPUAVA
650 _aPARANA
909 _a202309
_bLucia
_c55
_dLucia Elande
942 _cBK
999 _c28364
_d28364